| 000 | 01550cam a22003737a 4500 | ||
|---|---|---|---|
| 003 | CHAP | ||
| 005 | 20220329134852.0 | ||
| 008 | 971013s1955 r 00010 d | ||
| 010 | _a27198 | ||
| 011 | _a28170 | ||
| 035 | _a32272 | ||
| 040 | _cCHAP | ||
| 082 |
_a551.5942 _bI58m |
||
| 110 |
_aInstituto Mexicano de Recursos Naturales Renovables _959259 |
||
| 245 | 0 |
_aMesas redondas sobre problemas del trópico mexicano _b: anfiteatro Bolívar de la Escuela Nacional Preparatoria del 10 al 14 de octubre de 1955 |
|
| 260 |
_aMéxico, D.F. : _bInstituto Mexicano de Recursos Naturales Renovables, _c1955 |
||
| 300 | _a322 p | ||
| 590 |
_aBATCH-UPD _b10 _c20130110 _lUCH01 _h1035 |
||
| 590 |
_aBATCH-UPD _b10 _c20130410 _lUCH01 _h0637 |
||
| 590 |
_aBATCH-UPD _b10 _c20130913 _lUCH01 _h2354 |
||
| 590 |
_aCONVERSION _b10 _c20130109 _lUCH01 _h1316 |
||
| 650 | 1 | 4 |
_aAgricultura _xTrópicos. _91888 |
| 650 | 1 | 4 |
_aAgricultura _zMéxico. _91932 |
| 650 | 1 | 4 |
_aSuelos tropicales. _9110563 |
| 650 | 1 | 4 |
_aTrópicos. _9115278 |
| 901 | _aBK | ||
| 942 | _cLIBRO | ||
| 949 |
_a551.5942 I58m _bBC _cLIBRO _d33724000461471 _eLIBRO _h7835 _i32272 _si |
||
| 949 |
_a551.5942 I58m _bBC _cLIBRO _d33724000461513 _eLIBRO _fc.2 _h7836 _i32272 _si |
||
| 949 |
_a551.5942 I58m _bBC _cLIBRO _d33724000461521 _eLIBRO _fc.3 _h7837 _i32272 _si |
||
| 949 |
_a551.5942 I58m _bBC _cLIBRO _d33724000518015 _eLIBRO _fc.4 _h7838 _i32272 _si |
||
| 949 |
_a551.5942 I58m _bBC _cLIBRO _d33724000518049 _eLIBRO _fc.5 _h14777 _i32272 _si |
||
| 949 |
_a551.5942 I58m _bBC _cLIBRO _d33724000518064 _eLIBRO _fc.6 _h49883 _i32272 _si |
||
| 999 |
_c27198 _d27198 |
||